000 00504nam a22001697a 4500
999 _c8716
_d8716
008 201211b ||||| |||| 00| 0 eng d
040 _aBMS College of Architecture
100 _aMalashree, K
245 _aOncology hospital
300 _a37p.
500 _a1BM11AT025
502 _8B,Arch
_NBMS College of Architecture, Visvesvaraya Technological University (VTU)
_aProject report
_d2015
650 _aHospital
700 _aChaitra Saraf
_eGuide
700 _aSharanya Iyer
_eGuide
942 _2ddc
_cTHE